| 000 | 12045nas1a22009611 4500 | ||
|---|---|---|---|
| 001 | RU\NLR\INFOCOMM19\1000094962 | ||
| 005 | 20250807185122.0 | ||
| 035 | _a(NLR Aleph) 002315553 | ||
| 090 |
_a752 _c752 |
||
| 100 | _a20250807 rusy50 | ||
| 101 | 0 | _arus | |
| 102 | _aRU | ||
| 110 | _azyu||||0|y0 | ||
| 200 | 1 |
_aПроизводство огнеупоров _eОтраслевой темат. сборник науч. трудов _fМ-во черной металлургии СССР. Гл. упр. по проектированию предприятий черной металлургии. Всесоюз. гос. ин-т науч.-исслед. и проектных работ огнеупорной пром-сти. Ин-т огнеупоров |
|
| 210 |
_aЛ. _d1934-1981 |
||
| 300 | _aПосле №9 (1981) выходит ненум. вып. по разными загл. См. каталог книг | ||
| 430 | 0 | _12001#$aТруды Всесоюзного научно-исследовательского института огнеупорных и кислотоупорных материалов ВИОК | |
| 430 | 0 | _12001#$aТруды Научно-исследовательского института огнеупорных и кислотоупорных материалов "ВИОК" | |
| 430 | 0 | _12001#$aТруды Института | |
| 430 | 0 | _12001#$aБюллетень научно-технической информации | |
| 712 | 0 | 2 |
_aВсесоюзный научно-исследовательский и проектный институт огнеупорной промышленности _cЛенинград _4570 |
| 801 | 1 |
_aRU _bInfoComm _c20041019 |
|
| 801 | 0 |
_aRU _bNLR _gPSBO |
|
| 852 |
_aNLR _j34-16/256 |
||
| 852 |
_aNLR _bТ44 _jВ-3/5 |
||
| 852 |
_aNLR _jП10/1588 |
||
| 933 | _9^^ | ||
| 933 | _9^^ | ||
| 933 | _9^^ | ||
| 942 | _cSE | ||
| 945 | _aРоссийская национальная библиотека | ||
| 980 | _aNB | ||
| 980 | _aBV | ||
| 980 | _aRUSPER | ||